Rozbory hospodárskej činnosti priemyselných podnikov

Guardado en:
Detalles Bibliográficos
Autor principal: Hoffmann, Václav
Otros Autores: Dančová, Eliška, Zalai, Karol
Formato: Libro
Lenguaje:eslovaco
Publicado: Bratislava Alfa 1980
Colección:Edícia ekonomickej literatúry
Etiquetas: Agregar Etiqueta
Sin Etiquetas, Sea el primero en etiquetar este registro!

MARC

LEADER 00000nam a2200000 4500
001 c111621
005 20230116123125.9
041 0 |a slo 
044 |a SK 
245 1 0 |a Rozbory hospodárskej činnosti priemyselných podnikov  |c Václav Hoffmann, Eliška Dančová, Karol Zalai 
264 1 |a Bratislava  |b Alfa  |c 1980 
300 |a 333 s. 
490 1 |a Edícia ekonomickej literatúry 
830 0 |a Edícia ekonomickej literatúry 
100 1 |a Hoffmann, Václav 
700 1 |a Dančová, Eliška 
700 1 |a Zalai, Karol